| 000 | 01849nam2a22003491 4500 | ||
|---|---|---|---|
| 001 | rc\4580191 | ||
| 005 | 20250612123210.0 | ||
| 021 |
_aRU _b[60-69673] |
||
| 035 | _a(NLR Aleph) 008656286 | ||
| 090 |
_a9033460 _c9033460 |
||
| 100 | _a20130416d1960 |||y0rusy50 ca | ||
| 101 | 0 | _arus | |
| 102 | _aRU | ||
| 105 | _ach z ||||| | ||
| 135 | _acrmn mmmaucua | ||
| 200 | 1 |
_a[Капитал _eКритика политической экономии _fПодгот. к печати А.И. Малыш] _hТ. 1. Кн. 1 _iПроцесс производства капитала |
|
| 210 |
_d1960 _aБ. м. |
||
| 215 |
_aVI, 907 с., 1 л. портр. _cфакс. _d23 |
||
| 325 | 1 | _aКопия доступна в электронной библиотеке РНБ | |
| 461 | 0 |
_1001rc\4580174 _12001#$aСочинения$fИн-т марксизма-ленинизма при ЦК КПСС$vТ. 23 _1700#1$aМаркс$bК.$f1818-1883$gКарл _99033355 _aМаркс, К. (1818-1883) _cМосква _d1957 _e2-е изд. _fИн-т марксизма-ленинизма при ЦК КПСС _nГосполитиздат _tСочинения _vТ. 23 |
|
| 700 | 1 |
_aМаркс _bК. _f1818-1883 _gКарл |
|
| 702 | 1 |
_aМалыш _bА.И. _4570 |
|
| 801 | 0 |
_aRU _bNLR _gpsbo |
|
| 801 | 1 |
_aRU _bELAR _2rusmarc |
|
| 852 |
_aNLR _jМЭ 1-С/5-23-1 |
||
| 901 | _eПрочие | ||
| 942 | _cBOOK | ||
| 980 | _aNB | ||
| 981 | 2 | 2 |
_a(22) Материалы по истории России _b(22) История России с 25 октября (7 ноября) 1917 года |
| 981 | 2 | 2 |
_a(22) Материалы по истории России _b(22) История развития общественной мысли и политических движений |